Historia Universal Siglo XXI
Guardat en:
| Format: | Llibre |
|---|---|
| Idioma: | espanyol |
| Publicat: |
Ciudad de México
Siglo Veintiuno
1992
|
| Edició: | 1a. ed |
| Matèries: | |
| Etiquetes: |
Afegir etiqueta
Sense etiquetes, Sigues el primer a etiquetar aquest registre!
|
MARC
| LEADER | 00000cam a2200000 a 4500 | ||
|---|---|---|---|
| 001 | UCD3780 | ||
| 003 | CL-VaPUC | ||
| 008 | 160616e19921208mx |||||||||||||||||spa|d | ||
| 020 | |a 9682300096o.c | ||
| 020 | |a 9682309506v.29 | ||
| 082 | 0 | 4 | |a 909 |b HIS |2 21 |
| 245 | 1 | 0 | |a Historia Universal Siglo XXI |
| 250 | |a 1a. ed | ||
| 300 | |a v | ||
| 942 | |c BK | ||
| 945 | |d 20160616 22:39:00 |a arojas | ||
| 260 | |a Ciudad de México |b Siglo Veintiuno |c 1992 | ||
| 500 | |a v.29: Los imperios coloniales desde el siglo XVIII | ||
| 650 | 0 | |a Imperialismo |9 258264 | |
| 650 | 0 | |a Colonialismo |9 316469 | |
| 650 | 7 | |a HISTORIA UNIVERSAL SIGLO 18 |2 CL-VaPUC |9 587366 | |
| 650 | 7 | |a HISTORIA UNIVERSAL SIGLO 19 |2 CL-VaPUC |9 372375 | |
| 650 | 0 | |a Desarrollo económico y social |9 256320 | |
| 583 | |a last modification |c 20180313 09:12:42 |k Rodrigo Vera | ||
| 999 | |c 364796 |d 364794 | ||
| 952 | |0 0 |1 0 |3 erb |4 0 |6 909_000000000000000_HIS_1992 |7 0 |8 A |9 478385 |a FDOHBE |b FDOHBE |e Huesbe Llanos, Marco Antonio, 1934- |h v.29 |i 5309441 |o 909 HIS 1992 |p 5309441 |r 2024-01-30 |w 2019-11-24 |y BK |z Catalogado en:20160616 |k HBE | ||